Fanta B víťazom prvého ročníka

Bibliographic Details
Main Author: Cimerman, Ján (Author, Photographer)
Format: Article
Language:Slovak
PhysicalDescription:Fotogr.
Subjects:

MARC

LEADER 00000nab a2200000 ar4500
001 vtls008997983
003 SK-MaSNL
005 20260303065826.0
008 070611c2007 xo wr|p|||||||000 b|slo
038 |a PPPK 
040 |a PPPKCL  |b slo  |c PPPK  |e AACR2 
041 0 |a slo 
044 |a xo  |c SK 
080 |a 796.355.093  |2 1997 
245 0 0 |a Fanta B víťazom prvého ročníka  |c [autor] (jcm) ; foto Ján Cimerman 
300 |b Fotogr. 
610 2 7 |a Unijunior liga Poprad  |2 pppkcl  |9 1065150 
648 7 |a 2007  |2 pppkcl  |9 313226 
650 0 7 |a hokejbal  |2 pppkcl  |9 19183 
650 0 7 |a 1. ročník  |2 pppkcl  |9 1061237 
651 7 |a Poprad (Slovensko)  |2 pppkcl  |9 20155 
700 1 |a Cimerman, Ján  |4 pht  |4 aut  |9 56819 
773 0 |t Poprad : noviny občanov mesta  |g Roč. XVIII, č. 33 (2007), s. 6 
852 |a PPPK  |b KIS3GCP 
999 |c 1752895  |d 1754825